|
|
|
|
| LEADER |
02038cam a2200613 i 4500 |
| 001 |
nkc20162774287 |
| 003 |
CZ PrNK |
| 005 |
20170217090218.0 |
| 007 |
ta |
| 008 |
160205s2016 xr a e 000 mdcze d |
| 015 |
|
|
|a cnb002774287
|
| 020 |
|
|
|a 978-80-88104-05-6
|q (vázáno)
|
| 035 |
|
|
|a (OCoLC)951553226
|
| 040 |
|
|
|a KLG001
|b cze
|d ABA001
|e rda
|
| 072 |
|
7 |
|a 394
|x Veřejný a společenský život. Každodenní život
|2 Konspekt
|9 1
|
| 080 |
|
|
|a 394.268
|2 MRF
|
| 080 |
|
|
|a 398.33
|2 MRF
|
| 080 |
|
|
|a 82-7
|2 MRF
|
| 080 |
|
|
|a (0:82-4)
|2 MRF
|
| 080 |
|
|
|a (0:82-84)
|2 MRF
|
| 080 |
|
|
|a (0:82-9)
|2 MRF
|
| 080 |
|
|
|a (0:82-845)741.5
|2 MRF
|
| 100 |
1 |
|
|a Ebr, Vratislav,
|d 1942-2023
|7 jn19981000941
|4 aut
|
| 245 |
1 |
0 |
|a Rok den po dni s humorem /
|c Vráťa Ebr ; Miroslav Pavlík
|
| 246 |
3 |
|
|a Rok den po dni
|
| 250 |
|
|
|a 1. vydání
|
| 264 |
|
1 |
|a Praha :
|b Krigl,
|c [2016]
|
| 300 |
|
|
|a 149 stran :
|b ilustrace ;
|c 18 cm
|
| 336 |
|
|
|a text
|b txt
|2 rdacontent
|
| 337 |
|
|
|a bez média
|b n
|2 rdamedia
|
| 338 |
|
|
|a svazek
|b nc
|2 rdacarrier
|
| 500 |
|
|
|a "Ilustroval Miroslav Pavlík"--Tiráž
|
| 650 |
0 |
7 |
|a významné dny
|7 ph127483
|2 czenas
|
| 650 |
0 |
7 |
|a významné dny
|7 ph127483
|x humor
|2 czenas
|
| 650 |
0 |
7 |
|a svátky
|7 ph116350
|2 czenas
|
| 650 |
0 |
7 |
|a svátky
|7 ph116350
|x humor
|2 czenas
|
| 650 |
0 |
9 |
|a important days
|2 eczenas
|
| 650 |
0 |
9 |
|a important days
|x humor
|2 eczenas
|
| 650 |
0 |
9 |
|a feasts
|2 eczenas
|
| 650 |
0 |
9 |
|a feasts
|x humor
|2 eczenas
|
| 655 |
|
7 |
|a úvahy
|7 fd134000
|2 czenas
|
| 655 |
|
7 |
|a aforismy
|7 fd131784
|2 czenas
|
| 655 |
|
7 |
|a literární texty
|7 fd132774
|2 czenas
|
| 655 |
|
7 |
|a kreslené vtipy
|7 fd132683
|2 czenas
|
| 655 |
|
9 |
|a essays
|2 eczenas
|
| 655 |
|
9 |
|a aphorisms
|2 eczenas
|
| 655 |
|
9 |
|a literary texts
|2 eczenas
|
| 655 |
|
9 |
|a jokes
|2 eczenas
|
| 700 |
1 |
|
|a Pavlík, Miroslav,
|d 1940-2022
|7 mzk2005266343
|4 ill
|
| 910 |
2 |
|
|a BOA001
|b 1-1370.679
|
| 920 |
|
|
|a 1060670
|z KLG001
|
| 990 |
|
|
|a BK
|
| 995 |
|
|
|a 01
|
| 996 |
6 |
|
|b 2610675569
|c 1-1370.679
|l MZK
|r Sklad / do 1 hodiny
|n 0
|p p.v.
|w 001568153
|u 000010
|a 1
|e BOA001
|j MZK50
|s P
|